<?xml version="1.0" encoding="UTF-8"?><?xml-stylesheet type="text/xsl" href="static/style.xsl"?><OAI-PMH xmlns="http://www.openarchives.org/OAI/2.0/" xmlns:xsi="http://www.w3.org/2001/XMLSchema-instance" xsi:schemaLocation="http://www.openarchives.org/OAI/2.0/ http://www.openarchives.org/OAI/2.0/OAI-PMH.xsd"><responseDate>2026-06-01T06:40:04Z</responseDate><request verb="GetRecord" identifier="oai:riuma.uma.es:10630/31831" metadataPrefix="marc">https://riuma.uma.es/rest/oai/request</request><GetRecord><record><header><identifier>oai:riuma.uma.es:10630/31831</identifier><datestamp>2026-02-03T11:28:03Z</datestamp><setSpec>com_10630_2254</setSpec><setSpec>col_10630_37953</setSpec></header><metadata><record xmlns="http://www.loc.gov/MARC21/slim" xmlns:dcterms="http://purl.org/dc/terms/" xmlns:doc="http://www.lyncode.com/xoai" xmlns:xsi="http://www.w3.org/2001/XMLSchema-instance" xsi:schemaLocation="http://www.loc.gov/MARC21/slim http://www.loc.gov/standards/marcxml/schema/MARC21slim.xsd">
   <leader>00925njm 22002777a 4500</leader>
   <datafield ind2=" " ind1=" " tag="042">
      <subfield code="a">dc</subfield>
   </datafield>
   <datafield ind2=" " ind1=" " tag="720">
      <subfield code="a">Rodríguez-Ortega, Nuria</subfield>
      <subfield code="e">author</subfield>
   </datafield>
   <datafield ind2=" " ind1=" " tag="260">
      <subfield code="c">2024-03-31</subfield>
   </datafield>
   <datafield ind2=" " ind1=" " tag="520">
      <subfield code="a">With the aim of contributing to the epistemological turn in the field of digital art history and cultural heritage studies, in a recent paper I introduced the idea of a techno-concept, defined as a co-production between machine rationality and human thought/imagination. Within this framework of discussion, this paper argues that the computational operations and corresponding information transformation processes that take place in latent spaces, especially multimodal latent spaces, can be explained as a transductive process, so that AI-generated images can also be understood as transductive phenomena. In this way, the concept of transduction, widely used in various scientific and philosophical fields, becomes a potential theoretical category for interpreting AI-generated images. The argument is based primarily on two concepts of transduction: The concept of signal transduction as used in the fields of biomedicine and biochemistry, and the concept of transduction proposed by Gilbert Simondon as part of his theory of individuation and differentiation. The paper concludes with some of the interpretive implications of approaching generative images as transductive phenomena.</subfield>
   </datafield>
   <datafield ind1="8" ind2=" " tag="024">
      <subfield code="a">Rodríguez-Ortega, Nuria. “Exploring the Concept of Transduction to Interpret AI-Generated Images” in From Hype to Reality: Artificial Intelligence in the Study of Art and Culture, ed. Eva Cetinić, Darío Negueruela del Castillo, 2024, Hertziana Studies in Art History, vol. 03, 2024, DOI: https://doi.org/10.48431/hsah.0303</subfield>
   </datafield>
   <datafield ind1="8" ind2=" " tag="024">
      <subfield code="a">https://hdl.handle.net/10630/31831</subfield>
   </datafield>
   <datafield ind1="8" ind2=" " tag="024">
      <subfield code="a">10.48431/hsah.0303</subfield>
   </datafield>
   <datafield tag="653" ind2=" " ind1=" ">
      <subfield code="a">Humanidades digitales</subfield>
   </datafield>
   <datafield tag="653" ind2=" " ind1=" ">
      <subfield code="a">Inteligencia artificial</subfield>
   </datafield>
   <datafield tag="653" ind2=" " ind1=" ">
      <subfield code="a">Arte - Innovaciones tecnológicas</subfield>
   </datafield>
   <datafield ind2="0" ind1="0" tag="245">
      <subfield code="a">Exploring the Concept of Transduction to Interpret AI-Generated Images.</subfield>
   </datafield>
</record>
</metadata></record></GetRecord></OAI-PMH>